Pokémon - Les attaques de Terapagos - Statistiques

Statistiques générales
  • Ce quiz a été pris 11 fois
  • Le résultat moyen est 6 sur 12
Statistiques - réponses
Niveaux Types Noms des attaques % Correct
Départ Roche Pouvoir Antique
83%
Départ Eau Repli
83%
Niveau 40 Sol Telluriforce
67%
Niveau 30 Normal Abri
50%
Niveau 70 Normal Damoclès
50%
Niveau 90 Acier Gyroballe
50%
Départ Normal Tour Rapide
50%
Niveau 20 Normal Coup d'Boule
33%
Niveau 60 Normal Pluie Térastrale
33%
Niveau 50 Acier Tacle Lourd
33%
Niveau 80 Roche Poliroche
17%
Départ Normal Triplattaque
0%
Aucun quiz correspondant
Distribution des résultats
% des personnes avec chaque résultat
Percentile par nombre de réponses
Votre historique - résultats
Vous n’avez pas pris ce quiz